00361nam a2200145Ia 4500008004100000020001800041041000800059082001600067100002800083245002400111250000600135260005100141300001100192650001200203210716s2012 xx 000 0 und d a9788120332454 aeng a332.17 TRIN aTripathy, Nalini Prava. aFinancial services. a1 aNew DelhibPHI Learning private limited.c2012 axv,331 aFinance